| 000 | 00311nam a22000977a 4500 | ||
|---|---|---|---|
| 008 | 240802b |||||||| |||| 00| 0 eng d | ||
| 040 |
_aNational Science Library _cNational Science Library |
||
| 245 | _aAnaliza imunochimica | ||
| 260 |
_aRomania: _bEditura Academiei Republicii Socialiste, _c1966 |
||
| 942 |
_2udc _cBK |
||
| 999 |
_c65742 _d65742 |
||